[Event "Dzhubga Rapid op"]
[Site "Dzhubga"]
[Date "2023.08.10"]
[Round "2"]
[White "Kovalchuk, Alexey"]
[Black "Bujakevich, Aleksandr"]
[Result "1-0"]
[WhiteElo "2375"]
[BlackElo "1789"]
[PlyCount "87"]
[EventDate "2023.08.10"]
[EventType "swiss (rapid)"]
[EventRounds "11"]
[EventCountry "RUS"]
[SourceTitle "CBM 215 Extra"]
[Source "ChessBase"]
[SourceDate "2023.09.30"]
[SourceVersion "1"]
[SourceVersionDate "2023.09.30"]
[SourceQuality "1"]

1. c4 e5 2. Nc3 Nf6 3. Nf3 Nc6 4. e3 Be7 5. d4 exd4 6. Nxd4 0-0 7. Nc2 Re8 8. Be2 Bc5 9. 0-0 d6 10. Na4 Bb6 11. b3 Bf5 12. Bb2 Nd7 13. Nxb6 axb6 14. Nd4 Nxd4 15. Qxd4 Qf6 16. Qxf6 Nxf6 17. Rfe1 Be4 18. f3 Bc6 19. e4 Nd7 20. b4 Nf8 21. a3 Re7 22. Kf2 Bd7 23. Bd3 Ng6 24. g3 Rae8 25. Rac1 Bc6 26. h4 Ne5 27. Bf1 Bd7 28. g4 f6 29. Be2 Kf7 30. Kg3 Kf8 31. h5 h6 32. Rc2 Nf7 33. Bd3 f5 34. gxf5 Bxf5 35. Rce2 Bd7 36. f4 Kg8 37. Kh2 Nd8 38. Kg3 Rf8 39. e5 dxe5 40. Rxe5 Ref7 41. Re7 Nc6 42. Rxf7 Kxf7 43. Be4 Be6 44. Bg6+ 1-0

[Event "Dzhubga op"]
[Site "Dzhubga"]
[Date "2023.08.07"]
[Round "7"]
[White "Khripachenko, Alexander"]
[Black "Bujakevich, Aleksandr"]
[Result "1-0"]
[WhiteElo "2158"]
[BlackElo "1789"]
[PlyCount "65"]
[EventDate "2023.08.01"]
[EventType "swiss"]
[EventRounds "9"]
[EventCountry "RUS"]
[SourceTitle "EXT 2024"]
[Source "ChessBase"]
[SourceDate "2023.10.10"]
[SourceVersion "1"]
[SourceVersionDate "2023.10.10"]
[SourceQuality "1"]

1. e4 e5 2. Nf3 Nc6 3. Bc4 Nf6 4. d3 Bc5 5. c3 0-0 6. 0-0 d5 7. exd5 Nxd5 8. Re1 Be6 9. Nbd2 Bd6 10. Ne4 h6 11. b4 Re8 12. Qb3 Nf4 13. Bxf4 exf4 14. d4 Bxc4 15. Qxc4 Ne7 16. Re2 c6 17. Rae1 Nd5 18. b5 Qd7 19. bxc6 bxc6 20. Qd3 Re6 21. Ne5 Qc7 22. Nxd6 Qxd6 23. Nc4 Rxe2 24. Qxe2 Qf6 25. Qf3 Kf8 26. Ne5 Rd8 27. c4 Ne7 28. Qe4 h5 29. h3 g5 30. Qh7 Rxd4 31. Nxf7 Ng6 32. Nh6 Ne7 33. Nf7 1-0

[Event "Dzhubga op"]
[Site "Dzhubga"]
[Date "2023.08.01"]
[Round "1"]
[White "Demidov, Mikhail"]
[Black "Bujakevich, Aleksandr"]
[Result "1-0"]
[WhiteElo "2566"]
[BlackElo "1789"]
[PlyCount "61"]
[EventDate "2023.08.01"]
[EventType "swiss"]
[EventRounds "9"]
[EventCountry "RUS"]
[SourceTitle "CBM 215 Extra"]
[Source "ChessBase"]
[SourceDate "2023.09.30"]
[SourceVersion "1"]
[SourceVersionDate "2023.09.30"]
[SourceQuality "1"]

1. Nf3 d5 2. g3 g6 3. c4 d4 4. b4 Bg7 5. Bb2 e5 6. d3 Ne7 7. Bg2 0-0 8. 0-0 Nd7 9. Nbd2 Rb8 10. c5 b6 11. cxb6 axb6 12. Qc2 Bb7 13. Rfc1 Nd5 14. Qb3 c5 15. Nxd4 Nxb4 16. Bxb7 Rxb7 17. Nb5 Nb8 18. Nc4 N4c6 19. Nbd6 Rd7 20. Ne4 Nd4 21. Bxd4 cxd4 22. a4 Na6 23. Nxb6 Rb7 24. a5 Qe7 25. Rc6 Rfb8 26. Qc4 Nb4 27. Rd6 Bf8 28. Qxb4 f5 29. Qc4+ Qf7 30. Nf6+ Kg7 31. Rd7 1-0

[Event "Sevastopol Waltz Rapid"]
[Site "Sevastopol"]
[Date "2023.06.27"]
[Round "5"]
[White "Baranov, Jury"]
[Black "Bujakevich, Aleksandr"]
[Result "0-1"]
[WhiteElo "2110"]
[BlackElo "1870"]
[PlyCount "94"]
[EventDate "2023.06.26"]
[EventType "swiss (rapid)"]
[EventRounds "11"]
[EventCountry "UKR"]
[SourceTitle "CBM 215 Extra"]
[Source "ChessBase"]
[SourceDate "2023.09.30"]
[SourceVersion "1"]
[SourceVersionDate "2023.09.30"]
[SourceQuality "1"]

1. d4 d5 2. c4 e6 3. Nf3 Nf6 4. e3 dxc4 5. Bxc4 c5 6. 0-0 Nc6 7. Nc3 cxd4 8. exd4 Be7 9. Re1 0-0 10. Bg5 h6 11. Bh4 a6 12. a3 b5 13. Ba2 Bb7 14. h3 Qb6 15. Qd3 Rad8 16. Rad1 Rfe8 17. Bb1 g6 18. Qe3 Kg7 19. Bg3 Nd5 20. Nxd5 Rxd5 21. Ba2 Rdd8 22. Ne5 Bg5 23. Bf4 Bxf4 24. Qxf4 Nxe5 25. dxe5 Rxd1 26. Rxd1 Kg8 27. Qxh6 Rd8 28. Rd2 Bd5 29. Qh4 Qc7 30. Qd4 Rd7 31. Qc3 Bxa2 32. Qxc7 Rxc7 33. Rd6 a5 34. Rb6 Rc1+ 35. Kh2 Bc4 36. b3 Bxb3 37. Rxb5 a4 38. h4 Ra1 39. g4 Rxa3 40. h5 gxh5 41. gxh5 Bd5 42. h6 Rf3 43. Kg1 Rh3 44. f4 Rxh6 45. f5 a3 46. fxe6 fxe6 47. Rb8+ Kf7 0-1

[Event "Sevastopol Waltz Rapid"]
[Site "Sevastopol"]
[Date "2023.06.27"]
[Round "6"]
[White "Bujakevich, Aleksandr"]
[Black "Triapishko, Alexandr"]
[Result "0-1"]
[WhiteElo "1870"]
[BlackElo "2506"]
[PlyCount "110"]
[EventDate "2023.06.26"]
[EventType "swiss (rapid)"]
[EventRounds "11"]
[EventCountry "UKR"]
[SourceTitle "CBM 215 Extra"]
[Source "ChessBase"]
[SourceDate "2023.09.30"]
[SourceVersion "1"]
[SourceVersionDate "2023.09.30"]
[SourceQuality "1"]

1. d4 Nf6 2. Nf3 g6 3. d5 Bg7 4. c4 0-0 5. Nc3 e6 6. e4 exd5 7. exd5 d6 8. Be2 Bg4 9. 0-0 Bxf3 10. Bxf3 Na6 11. Be3 Nd7 12. Bd4 Bxd4 13. Qxd4 Qf6 14. Qxf6 Nxf6 15. Rfe1 Rfe8 16. Kf1 Kf8 17. Nb5 Rec8 18. Re3 Nb4 19. Nd4 a5 20. a3 Na6 21. b3 Re8 22. Rae1 Rxe3 23. Rxe3 Nd7 24. Ke1 Re8 25. Rxe8+ Kxe8 26. Kd2 Ke7 27. Bg4 Ndc5 28. f4 f5 29. Bf3 Nd7 30. h3 Kf6 31. g4 fxg4 32. hxg4 h6 33. Kc3 g5 34. fxg5+ hxg5 35. Ne6 Ndc5 36. Nxc5 Nxc5 37. b4 axb4+ 38. axb4 Nd7 39. Be4 Ke5 40. Bf5 Nf6 41. Be6 b6 42. Kd3 Kf4 43. c5 bxc5 44. bxc5 Nxg4 45. cxd6 cxd6 46. Ke2 Nf6 47. Bf7 Ke4 48. Kf2 Nxd5 49. Kg3 Nf6 50. Bg6+ Ke5 51. Kf3 d5 52. Bf7 g4+ 53. Kg3 Kf5 54. Kh4 Kf4 55. Bg6 d4 0-1

[Event "Sevastopol Waltz Rapid"]
[Site "Sevastopol"]
[Date "2023.06.27"]
[Round "7"]
[White "Krovkin, Grigoriy"]
[Black "Bujakevich, Aleksandr"]
[Result "1/2-1/2"]
[WhiteElo "1750"]
[BlackElo "1870"]
[PlyCount "124"]
[EventDate "2023.06.26"]
[EventType "swiss (rapid)"]
[EventRounds "11"]
[EventCountry "UKR"]
[SourceTitle "CBM 215 Extra"]
[Source "ChessBase"]
[SourceDate "2023.09.30"]
[SourceVersion "1"]
[SourceVersionDate "2023.09.30"]
[SourceQuality "1"]

1. e4 e5 2. Nf3 Nc6 3. Bc4 Nf6 4. Nc3 Nxe4 5. Nxe4 d5 6. Bd3 dxe4 7. Bxe4 Bd6 8. d3 h6 9. 0-0 0-0 10. h3 Ne7 11. Nd2 f5 12. Bf3 c6 13. Nc4 Bc7 14. Re1 Ng6 15. Bh5 b5 16. Bxg6 bxc4 17. dxc4 Qf6 18. Bh5 e4 19. c3 g6 20. Bxh6 Rd8 21. Qc1 f4 22. Rxe4 gxh5 23. Bxf4 Bxf4 24. Rxf4 Qg7 25. Rf3 Rd6 26. Qe3 Bd7 27. Kh2 Rg6 28. g3 a5 29. Rd1 Be6 30. Qc5 Rf6 31. Qxc6 Rxf3 32. Qxf3 Rf8 33. Qe3 Bxc4 34. b3 Bf7 35. c4 Qg6 36. h4 Be8 37. Kg1 Bc6 38. Qe5 Re8 39. Qg5 Qxg5 40. hxg5 Re2 41. f4 Rg2+ 42. Kf1 Rxg3 43. Rd6 Be4 44. Rh6 Rf3+ 45. Ke1 Rxf4 46. Rxh5 Bg6 47. Rh3 Rg4 48. Kd2 Rg2+ 49. Kc3 Rxa2 50. Re3 a4 51. Re6 Rc2+ 52. Kb4 Bf7 53. Re4 axb3 54. Kxb3 Rg2 55. Re5 Rg4 56. Rc5 Kf8 57. Kb4 Be6 58. Kb5 Ke7 59. Rc7+ Bd7+ 60. Kb6 Rxg5 61. c5 Kd8 62. c6 Bxc6 1/2-1/2

[Event "Sevastopol Waltz op"]
[Site "Sevastopol"]
[Date "2023.06.24"]
[Round "8"]
[White "Bujakevich, Aleksandr"]
[Black "Baranov, Jury"]
[Result "0-1"]
[WhiteElo "1870"]
[BlackElo "2110"]
[PlyCount "112"]
[EventDate "2023.06.17"]
[EventType "swiss"]
[EventRounds "9"]
[EventCountry "UKR"]
[SourceTitle "CBM 214 Extra"]
[Source "ChessBase"]
[SourceDate "2023.07.31"]
[SourceVersion "1"]
[SourceVersionDate "2023.07.31"]
[SourceQuality "1"]

1. e4 c6 2. d4 d5 3. Nc3 dxe4 4. Nxe4 Bf5 5. Ng3 Bg6 6. Nf3 Nd7 7. h4 h6 8. h5 Bh7 9. Bd3 Bxd3 10. Qxd3 e6 11. Bf4 Qa5+ 12. Bd2 Bb4 13. Ne4 Qb6 14. 0-0-0 Ngf6 15. Bf4 Nxe4 16. Qxe4 Nf6 17. Qe2 Qa5 18. Qc4 Be7 19. Ne5 Qd5 20. f3 Rd8 21. Rd3 Qxc4 22. Nxc4 Nd5 23. Bd2 0-0 24. a3 b5 25. Ne5 Rc8 26. g4 Rfd8 27. f4 c5 28. dxc5 Bxc5 29. g5 Ne7 30. Rxd8+ Rxd8 31. gxh6 gxh6 32. Ng4 Nf5 33. Bc3 Kf8 34. Rd1 Rxd1+ 35. Kxd1 Ng3 36. Nf6 Be7 37. Be5 Bxf6 38. Bxf6 Nxh5 39. Be5 Ke7 40. Ke2 f6 41. Bb8 a6 42. Ke3 Kd7 43. Ba7 Kc6 44. Ke4 Ng3+ 45. Kf3 Nf5 46. b3 Kd5 47. c3 h5 48. Bb6 Nd6 49. Ke3 f5 50. Bd8 Ne4 51. Kd3 Nc5+ 52. Kc2 Ke4 53. Bg5 Nd3 54. c4 bxc4 55. bxc4 Nxf4 56. c5 Ne2 0-1

[Event "Sevastopol Waltz op"]
[Site "Sevastopol"]
[Date "2023.06.21"]
[Round "5"]
[White "Tkachuk, Ilya"]
[Black "Bujakevich, Aleksandr"]
[Result "1-0"]
[WhiteElo "1375"]
[BlackElo "1870"]
[PlyCount "104"]
[EventDate "2023.06.17"]
[EventType "swiss"]
[EventRounds "9"]
[EventCountry "UKR"]
[SourceTitle "CBM 214 Extra"]
[Source "ChessBase"]
[SourceDate "2023.07.31"]
[SourceVersion "1"]
[SourceVersionDate "2023.07.31"]
[SourceQuality "1"]

1. d4 d5 2. Nf3 Nf6 3. Bf4 c5 4. e3 Nc6 5. Nbd2 e6 6. c3 Bd6 7. Bg3 0-0 8. Bd3 Re8 9. Ne5 Qe7 10. 0-0 Nd7 11. f4 Nf8 12. Qg4 f5 13. Qh5 g6 14. Qh3 Nd7 15. Bh4 Qg7 16. Bg5 Bf8 17. Ndf3 Nf6 18. Bxf6 Qxf6 19. Bb5 a6 20. Bxc6 bxc6 21. Nxc6 Bd7 22. Nfe5 Bxc6 23. Nxc6 Rec8 24. Ne5 Ra7 25. Qf3 Qd8 26. Qe2 Qa5 27. Rfc1 Rac7 28. Nd3 c4 29. Ne5 Qb6 30. Qc2 Bd6 31. Nf3 Rb7 32. b4 cxb3 33. axb3 Qxb3 34. Qxb3 Rxb3 35. Rxa6 Bf8 36. Rxe6 Rcxc3 37. Rxc3 Rxc3 38. Re5 Bg7 39. Rxd5 Rxe3 40. Ne5 Bf8 41. Kf2 Rb3 42. Rd7 Ba3 43. d5 Rb2+ 44. Kg3 Bb4 45. d6 Rd2 46. Rd8+ Kg7 47. d7 Be7 48. Ra8 Bf6 49. Ra7 Kf8 50. Nc6 Rd3+ 51. Kf2 Bd4+ 52. Ke2 Kf7 1-0

[Event "Sochi City Park op"]
[Site "Sochi"]
[Date "2022.09.18"]
[Round "4"]
[White "Bujakevich, Aleksandr"]
[Black "Neronov, Mark V"]
[Result "0-1"]
[WhiteElo "1911"]
[BlackElo "1685"]
[PlyCount "98"]
[EventDate "2022.09.15"]
[EventType "swiss"]
[EventRounds "9"]
[EventCountry "RUS"]
[SourceTitle "EXT 2023"]
[Source "ChessBase"]
[SourceDate "2022.10.05"]
[SourceVersion "1"]
[SourceVersionDate "2022.10.05"]
[SourceQuality "1"]

1. e4 c6 2. d4 d5 3. Nc3 dxe4 4. Nxe4 Nd7 5. Nf3 Ngf6 6. Nc3 Nb6 7. Ne5 Bf5 8. Be3 e6 9. g4 Be4 10. Nxe4 Nxe4 11. Qf3 Nd6 12. 0-0-0 Qc7 13. Bf4 Be7 14. g5 Nd5 15. Bd2 b5 16. Bd3 b4 17. Rhe1 Qb6 18. h4 a5 19. Nxf7 Nxf7 20. Rxe6 Nd6 21. Rde1 Kd8 22. Qg3 Qc7 23. c4 bxc3 24. bxc3 Nc8 25. Qxc7+ Kxc7 26. c4 Ba3+ 27. Kd1 Nde7 28. Bf4+ Kd7 29. c5 Bb2 30. R6e4 Nd5 31. Bd2 Rf8 32. f4 Bc3 33. Re5 Bxd4 34. Bf5+ Kc7 35. R5e4 Bxc5 36. Bxh7 Nd6 37. Re6 Nc4 38. Bc1 Bb4 39. Rh1 Rae8 40. f5 Rxe6 41. fxe6 Kd6 42. h5 Kxe6 43. h6 gxh6 44. gxh6 Bc3 45. Kc2 Be5 46. Kb3 Nd6 47. Bg6 c5 48. h7 c4+ 49. Ka4 Ra8 0-1

[Event "Sochi City Park op"]
[Site "Sochi"]
[Date "2022.09.17"]
[Round "3"]
[White "Zakaryan, David"]
[Black "Bujakevich, Aleksandr"]
[Result "1-0"]
[WhiteElo "2336"]
[BlackElo "1911"]
[PlyCount "65"]
[EventDate "2022.09.15"]
[EventType "swiss"]
[EventRounds "9"]
[EventCountry "RUS"]
[SourceTitle "EXT 2023"]
[Source "ChessBase"]
[SourceDate "2022.10.05"]
[SourceVersion "1"]
[SourceVersionDate "2022.10.05"]
[SourceQuality "1"]

1. d4 d5 2. c4 e6 3. Nf3 Nf6 4. Nc3 Nbd7 5. Bg5 c6 6. cxd5 exd5 7. e3 h6 8. Bh4 Be7 9. Qc2 0-0 10. Bd3 Re8 11. 0-0 Ne4 12. Bxe4 dxe4 13. Qxe4 Bxh4 14. Qxh4 Qa5 15. e4 Qb4 16. Rab1 Nf8 17. Rfd1 Bd7 18. a3 Qd6 19. Qg3 Qxg3 20. hxg3 f6 21. Nd2 Rad8 22. Nc4 Be6 23. d5 cxd5 24. exd5 Bf7 25. Rd4 Ng6 26. Rbd1 Ne7 27. g4 Rd7 28. Ne3 Red8 29. f4 Kf8 30. Kf2 a6 31. a4 Nc8 32. Ne4 Nd6 33. Nc5 1-0

[Event "Alushta op"]
[Site "Alushta"]
[Date "2022.07.13"]
[Round "8"]
[White "Truskavetsky, Alexandr"]
[Black "Bujakevich, Aleksandr"]
[Result "1-0"]
[WhiteElo "2370"]
[BlackElo "1911"]
[PlyCount "49"]
[EventDate "2022.07.06"]
[EventType "swiss"]
[EventRounds "9"]
[EventCountry "UKR"]
[SourceTitle "EXT 2023"]
[Source "ChessBase"]
[SourceDate "2022.10.05"]
[SourceVersion "1"]
[SourceVersionDate "2022.10.05"]
[SourceQuality "1"]

1. d4 d5 2. c4 c6 3. Nf3 Nf6 4. Nbd2 a6 5. g3 Bf5 6. Bg2 e6 7. 0-0 Nbd7 8. Qb3 Qb6 9. c5 Qxb3 10. axb3 e5 11. dxe5 Ng4 12. Nd4 Bg6 13. b4 h5 14. h3 Ngxe5 15. f4 Nc4 16. Nxc4 dxc4 17. f5 Bh7 18. Nxc6 Rc8 19. Na7 Bxc5+ 20. bxc5 Rxc5 21. Be3 Re5 22. Bf4 Rxe2 23. Rfe1 Rxe1+ 24. Rxe1+ Kd8 25. Bxb7 1-0

[Event "Alushta op"]
[Site "Alushta"]
[Date "2022.07.11"]
[Round "6"]
[White "Nosach, Roman Al"]
[Black "Bujakevich, Aleksandr"]
[Result "0-1"]
[WhiteElo "1410"]
[BlackElo "1911"]
[PlyCount "127"]
[EventDate "2022.07.06"]
[EventType "swiss"]
[EventRounds "9"]
[EventCountry "UKR"]
[SourceTitle "EXT 2023"]
[Source "ChessBase"]
[SourceDate "2022.10.05"]
[SourceVersion "1"]
[SourceVersionDate "2022.10.05"]
[SourceQuality "1"]

1. Nf3 Nf6 2. g3 b5 3. Bg2 Bb7 4. d4 e6 5. 0-0 c5 6. c3 Be7 7. Bg5 Qb6 8. Bxf6 Bxf6 9. e3 0-0 10. Nbd2 d6 11. Rc1 Nd7 12. Qe2 Rad8 13. Rfd1 d5 14. b4 c4 15. e4 dxe4 16. Nxe4 Be7 17. Nc5 Bd5 18. Ne1 Nf6 19. f4 Bxg2 20. Nxg2 Nd5 21. Ne3 Nxe3 22. Qxe3 Rd5 23. Rd2 a5 24. bxa5 Qxa5 25. Nxe6 Ba3 26. Re1 Re8 27. Qf3 Rxe6 28. Re5 Rexe5 29. fxe5 Qd8 30. Rf2 Qd7 31. Qe2 Bf8 32. Rf4 Qe6 33. Qb2 f6 34. exf6 gxf6 35. Qf2 Bg7 36. Qf3 f5 37. g4 fxg4 38. Rxg4 Qe1+ 39. Kg2 Rd8 40. Qb7 Qe2+ 41. Kg3 Qe3+ 42. Kg2 Qh6 43. Qe4 Rf8 44. Rg3 Qf6 45. Qe2 Qc6+ 46. Kg1 Kh8 47. Qe7 Qf6 48. Qxf6 Bxf6 49. Re3 b4 50. Kg2 b3 51. axb3 cxb3 52. Re1 Rc8 53. Rb1 Rxc3 54. Kf2 Bxd4+ 55. Ke2 Rh3 56. Kd2 b2 57. Kc2 Rxh2+ 58. Kd3 Bf6 59. Rf1 Kg7 60. Rg1+ Kf7 61. Rf1 Rh3+ 62. Kc2 Rc3+ 63. Kb1 Ra3 64. Re1 0-1

[Event "Sochi Lobanov Memorial"]
[Site "Sochi"]
[Date "2021.10.05"]
[Round "8"]
[White "Mochalin, Faddey"]
[Black "Bujakevich, Aleksandr"]
[Result "1-0"]
[WhiteElo "2138"]
[BlackElo "1933"]
[PlyCount "57"]
[EventDate "2021.09.28"]
[EventType "swiss"]
[EventRounds "9"]
[EventCountry "RUS"]
[SourceTitle "CBM 204 Extra"]
[Source "ChessBase"]
[SourceDate "2021.11.30"]
[SourceVersion "1"]
[SourceVersionDate "2021.11.30"]
[SourceQuality "1"]

1. e4 e5 2. Nf3 Nc6 3. Bc4 Nf6 4. d3 Bc5 5. 0-0 0-0 6. Re1 d6 7. c3 Be6 8. Bb5 a6 9. Ba4 Ba7 10. Nbd2 Ne7 11. h3 Ng6 12. d4 b5 13. Bc2 c5 14. Nf1 Qc7 15. Ne3 Nf4 16. Nf5 g6 17. Ng3 h6 18. d5 Bd7 19. Bxf4 exf4 20. Ne2 Nh5 21. Qd2 g5 22. e5 Ng7 23. g4 c4 24. Nxf4 Rae8 25. Nxg5 Rxe5 26. Nh7 Rd8 27. Nf6+ Kf8 28. Ne2 Rg5 29. Nh7+ 1-0

[Event "Sochi Lobanov Memorial"]
[Site "Sochi"]
[Date "2021.09.30"]
[Round "3"]
[White "Gochelashvili, David"]
[Black "Bujakevich, Aleksandr"]
[Result "1-0"]
[WhiteElo "2400"]
[BlackElo "1933"]
[PlyCount "94"]
[EventDate "2021.09.28"]
[EventType "swiss"]
[EventRounds "9"]
[EventCountry "RUS"]
[SourceTitle "CBM 204 Extra"]
[Source "ChessBase"]
[SourceDate "2021.11.30"]
[SourceVersion "1"]
[SourceVersionDate "2021.11.30"]
[SourceQuality "1"]

1. e4 e5 2. Nf3 Nc6 3. Bb5 a6 4. Ba4 Nf6 5. 0-0 b5 6. Bb3 Bb7 7. Re1 Be7 8. c3 0-0 9. d4 d6 10. a4 bxa4 11. Rxa4 exd4 12. cxd4 d5 13. e5 Ne4 14. Nfd2 Nxd2 15. Bxd2 a5 16. Qg4 Bc8 17. Qf3 Be6 18. Nc3 Nb4 19. Rea1 c5 20. dxc5 Bxc5 21. Rd1 Qd7 22. Qg3 f6 23. Ne4 dxe4 24. Bxb4 Qxd1+ 25. Bxd1 Bxb4 26. Bb3 Rae8 27. Bxe6+ Rxe6 28. Qb3 Kf7 29. Ra1 Rc8 30. exf6 Kxf6 31. g4 Rc5 32. Rd1 h5 33. h3 hxg4 34. hxg4 Rg5 35. Qg3 Bc5 36. Kg2 Kg6 37. Qf4 Rge5 38. Rd7 Be7 39. Rb7 Bf6 40. Kf1 Be7 41. Rb6 Bf6 42. Rxe6 Rxe6 43. Qf5+ Kf7 44. Qh5+ g6 45. Qd5 Ke7 46. Qxa5 Bxb2 47. Qb4+ Kd8 1-0

[Event "Tuapse op"]
[Site "Tuapse"]
[Date "2021.07.05"]
[Round "9"]
[White "Bujakevich, Aleksandr"]
[Black "Aleksandrov, Danila"]
[Result "1/2-1/2"]
[WhiteElo "1949"]
[BlackElo "2199"]
[PlyCount "102"]
[EventDate "2021.06.27"]
[EventType "swiss"]
[EventRounds "9"]
[EventCountry "RUS"]
[SourceTitle "CBM 203 Extra"]
[Source "ChessBase"]
[SourceDate "2021.09.30"]
[SourceVersion "1"]
[SourceVersionDate "2021.09.30"]
[SourceQuality "1"]

1. e4 c5 2. c3 d5 3. exd5 Qxd5 4. d4 Nc6 5. Nf3 cxd4 6. cxd4 e5 7. Nc3 Bb4 8. Bd2 Bxc3 9. Bxc3 e4 10. Ne5 Nxe5 11. dxe5 Ne7 12. Qe2 0-0 13. Rd1 Qxa2 14. Qxe4 Bf5 15. Qc4 Qxc4 16. Bxc4 Rac8 17. Bd3 Bxd3 18. Rxd3 Rfd8 19. Rxd8+ Rxd8 20. f4 Nd5 21. Bd2 Rc8 22. Kd1 g6 23. Rf1 Rc4 24. Rf3 a5 25. f5 Re4 26. e6 fxe6 27. fxg6 hxg6 28. Rg3 Kf7 29. Bxa5 Re3 30. Rg4 Rb3 31. Kc1 e5 32. Rg5 Rb5 33. Bd2 Nf6 34. Bc3 Ne4 35. Rg4 Nxc3 36. bxc3 Kf6 37. Kd2 Rb2+ 38. Ke3 Kf5 39. h3 g5 40. Kf3 Rb3 41. Rc4 b5 42. Rc6 e4+ 43. Ke3 b4 44. Rc5+ Kf6 45. Kxe4 Rxc3 46. Rxc3 bxc3 47. Kd3 Ke5 48. g3 c2 49. Kxc2 Ke4 50. h4 gxh4 51. gxh4 Ke5 1/2-1/2

[Event "Gibraltar Challengers op-B"]
[Site "Caleta"]
[Date "2020.01.29"]
[Round "5"]
[White "Bujakevich, Aleksandr"]
[Black "Meszaros, Andras"]
[Result "1-0"]
[WhiteElo "2014"]
[BlackElo "2244"]
[PlyCount "133"]
[EventDate "2020.01.25"]
[EventType "swiss"]
[EventRounds "5"]
[EventCountry "GGB"]
[SourceTitle "CBM 194 Extra"]
[Source "ChessBase"]
[SourceDate "2020.03.31"]
[SourceVersion "1"]
[SourceVersionDate "2020.03.31"]
[SourceQuality "1"]

1. e4 e5 2. Nf3 Nc6 3. Bc4 Nf6 4. d3 Be7 5. 0-0 0-0 6. Re1 d6 7. a4 h6 8. Nbd2 Na5 9. Ba2 c5 10. c3 Be6 11. Bxe6 fxe6 12. d4 cxd4 13. cxd4 Nd7 14. b4 Nc6 15. Qb3 Kh7 16. d5 exd5 17. exd5 Ncb8 18. Ne4 Kh8 19. Bd2 Qe8 20. Rac1 Na6 21. Be3 Qg6 22. Ng3 Rfc8 23. Rc4 Nb6 24. Bxb6 axb6 25. Nd2 Rxc4 26. Nxc4 Rc8 27. Ne4 Nb8 28. h3 Nd7 29. a5 bxa5 30. bxa5 Nc5 31. Nxc5 Rxc5 32. Qxb7 Bh4 33. Qa8+ Kh7 34. Ne3 Qf7 35. g3 Bxg3 36. fxg3 Qf3 37. Qa6 Qxg3+ 38. Kf1 Qxh3+ 39. Ke2 Qh2+ 40. Kd1 Qb2 41. Qd3+ Kg8 42. Nc2 Qa2 43. Nb4 Qxa5 44. Re4 Qa1+ 45. Ke2 Qg1 46. Rc4 Qg2+ 47. Kd1 Qg1+ 48. Kc2 Qg2+ 49. Kb3 Qf2 50. Rxc5 Qxc5 51. Qh3 Kh7 52. Qf5+ Kg8 53. Qe6+ Kh7 54. Nc6 Qb5+ 55. Ka3 Qc5+ 56. Ka4 h5 57. Ne7 Qc4+ 58. Ka5 Qc7+ 59. Ka6 Qc4+ 60. Kb7 Qb4+ 61. Kc7 Qc5+ 62. Kd8 Qb6+ 63. Kd7 Qb7+ 64. Kxd6 Qb8+ 65. Kd7 Qb7+ 66. Ke8 Qb8+ 67. Kf7 1-0

[Event "Gibraltar Challengers op-A"]
[Site "Caleta"]
[Date "2020.01.22"]
[Round "3"]
[White "Bujakevich, Aleksandr"]
[Black "Godoy Olazabal, Arturo"]
[Result "1/2-1/2"]
[WhiteElo "2014"]
[BlackElo "2154"]
[PlyCount "130"]
[EventDate "2020.01.20"]
[EventType "swiss"]
[EventRounds "5"]
[EventCountry "GGB"]
[SourceTitle "CBM 194 Extra"]
[Source "ChessBase"]
[SourceDate "2020.03.31"]
[SourceVersion "1"]
[SourceVersionDate "2020.03.31"]
[SourceQuality "1"]

1. e4 c5 2. c3 Nf6 3. e5 Nd5 4. Bc4 Nb6 5. Bb3 d5 6. d4 cxd4 7. cxd4 Bf5 8. Nf3 e6 9. 0-0 Nc6 10. Bg5 Be7 11. Bxe7 Qxe7 12. Nc3 0-0 13. h3 Be4 14. Nh2 Qb4 15. Nxe4 dxe4 16. Re1 Qxd4 17. Qxd4 Nxd4 18. Bd1 Rac8 19. Rxe4 Rfd8 20. Nf1 Nc4 21. Rc1 Kf8 22. b3 Nb6 23. Rxc8 Nxc8 24. f4 Ne7 25. Kf2 Nec6 26. a4 a6 27. g4 Rd5 28. Ke3 b5 29. Nd2 Ke7 30. Nf3 Nf5+ 31. gxf5 Rxd1 32. fxe6 fxe6 33. axb5 axb5 34. Ke2 Rh1 35. h4 h6 36. Re3 Nb4 37. Kf2 Nd5 38. Re4 Rb1 39. Nd4 Kd7 40. f5 Rb2+ 41. Re2 Rxe2+ 42. Kxe2 exf5 43. Nxf5 Ke6 44. Nd4+ Kxe5 45. Nxb5 Kf4 46. Kd3 Kg4 47. Kc4 Ne7 48. Nc3 Kxh4 49. Nd5 Nc8 50. Kd4 g5 51. Ke3 Nd6 52. b4 Kh3 53. Kf2 h5 54. Nc3 Kh2 55. b5 g4 56. b6 g3+ 57. Kf3 h4 58. Ne2 g2 59. Kg4 h3 60. Kh4 Nb7 61. Kg4 Nc5 62. Kh4 Nb7 63. Kg4 Nd6 64. Kh4 Nf5+ 65. Kg4 Nd6 1/2-1/2

[Event "Gibraltar Challengers op-A"]
[Site "Caleta"]
[Date "2020.01.20"]
[Round "1"]
[White "Bujakevich, Aleksandr"]
[Black "Mohota, Nisha"]
[Result "0-1"]
[WhiteElo "2014"]
[BlackElo "2201"]
[PlyCount "48"]
[EventDate "2020.01.20"]
[EventType "swiss"]
[EventRounds "5"]
[EventCountry "GGB"]
[SourceTitle "CBM 194 Extra"]
[Source "ChessBase"]
[SourceDate "2020.03.31"]
[SourceVersion "1"]
[SourceVersionDate "2020.03.31"]
[SourceQuality "1"]

1. e4 e5 2. Nf3 Nc6 3. Bc4 Nf6 4. Ng5 d5 5. exd5 Na5 6. Bb5+ c6 7. dxc6 bxc6 8. Qf3 Be7 9. 0-0 0-0 10. Bd3 Qc7 11. Bf5 Ba6 12. Re1 g6 13. Bd3 Bc8 14. b4 Bg4 15. Qg3 Bxb4 16. Bb2 Bd6 17. Ne4 Nxe4 18. Qxg4 Nxf2 19. Kxf2 Qb6+ 20. Kf1 Qxb2 21. Nc3 f5 22. Qa4 Qb6 23. Rab1 Qc5 24. Be2 e4 0-1

[Event "Voronezh op-B 23rd"]
[Site "Voronezh"]
[Date "2019.06.20"]
[Round "9"]
[White "Bratov, Ademir"]
[Black "Bujakevich, Aleksandr"]
[Result "0-1"]
[WhiteElo "1725"]
[BlackElo "2025"]
[PlyCount "146"]
[EventDate "2019.06.12"]
[EventType "swiss"]
[EventRounds "9"]
[EventCountry "RUS"]
[SourceTitle "EXT 2020"]
[Source "ChessBase"]
[SourceDate "2019.10.17"]
[SourceVersion "1"]
[SourceVersionDate "2019.10.17"]
[SourceQuality "1"]

1. e4 e5 2. Nf3 Nc6 3. Bc4 Bc5 4. c3 Nf6 5. d3 0-0 6. b4 Bb6 7. a4 a6 8. Bg5 h6 9. Bh4 d6 10. Nbd2 Be6 11. Ba2 Bxa2 12. Rxa2 Qe7 13. Nc4 Ba7 14. Ne3 Qe6 15. Re2 Ne7 16. 0-0 g5 17. Bg3 Nh5 18. d4 Rad8 19. Rfe1 Rfe8 20. Rd2 Nxg3 21. hxg3 exd4 22. Nxd4 Qg6 23. Nef5 Nxf5 24. Nxf5 Re5 25. Rd5 Rde8 26. Rxe5 Rxe5 27. g4 Qe6 28. Qf3 d5 29. Ng3 Kg7 30. Re2 dxe4 31. Rxe4 Rxe4 32. Nxe4 Qe5 33. Kf1 b5 34. a5 c5 35. Qf5 Qxf5 36. gxf5 cxb4 37. cxb4 g4 38. Ke2 h5 39. g3 f6 40. Nd6 Kf8 41. Nc8 Bd4 42. Nb6 Ke7 43. Nd5+ Kd6 44. Nf4 Bc3 45. Nxh5 Kd5 46. Kd3 Bxb4 47. Nxf6+ Kd6 48. Nxg4 Bxa5 49. Ne3 Be1 50. Ke2 Bc3 51. Kd3 Be1 52. Ke2 Bc3 53. f4 a5 54. g4 a4 55. Kd3 Be1 56. Nc2 Bg3 57. Ke4 Bf2 58. f6 Bc5 59. Kd3 b4 60. Na1 Ke6 61. g5 Bd6 62. Kc4 Kf5 63. Nc2 b3 64. Nd4+ Kxf4 65. g6 b2 66. Ne2+ Kf5 67. Nc3 Kxg6 68. Nb1 Kxf6 69. Kc3 a3 70. Kb3 Bb4 71. Ka2 Ke5 72. Kb3 Kd4 73. Ka2 Kc4 0-1